000 00646nam a22001937a 4500
999 _c175612
_d175612
005 20200910162436.0
010 _aENG-128408
020 _c539.00
_a9789390168385
035 _aEN-111940
037 _bDBAD/PUB
082 _a005.1
100 _aYuan, Michael Juntao
245 _aBuilding Blockchain Apps/
_cby Michael Juntao Yuan
260 _aNoida
_bPearson
_c2020
270 _a15th floor,Tower-B,Word Trade Tower,Plot no.1,Block-C sec 16,
_bNoida
_e201301
_k04466540100
_mcompanysecretary.india@pearson.com
300 _axviii;307p.
_c23cm(pbk)
_bPictorials
500 _aincludes Index
942 _2ddc
_cEN
_h005.1
_mYUA